Harry Potter Charaktere - Statistiken

Allgemein
  • Dieses Quiz wurde 3.606 mal gespielt
  • Das Durchschnittsergebnis liegt bei 8 aus 10
Antwortstatistiken
Hint Antwort % Korrekt
Halbblutprinz Severus Snape
97%
der dessen Name nicht genannt werden darf Voldemort
97%
kaputter Zauberstab Ron Weasley
93%
repariert Harrys Brille Hermine Granger
90%
wird von Seidenschnabel verletzt Draco Malfoy
81%
begabt in Kräuterkunde Neville Longbottom
79%
Patronus ist ein Phönix Dumbledore
73%
spricht Parsel Harry Potter
73%
liebt Tierwesen Hagrid
60%
verwandelt sich in ein Tier Minerva McGonagall
55%
Keine übereinstimmenden Quizze gefunden
Verteilung der Resultate
Anzahl Personen mit jedem Resultat
Perzentil nach korrekt beantworteten Fragen
Ihre Resultats-Entwicklung
Sie haben dieses Quiz noch nicht gespielt